| 000 | 00974nam a22002417a 4500 | ||
|---|---|---|---|
| 003 | FranzMayer | ||
| 005 | 20250821164027.0 | ||
| 008 | 250821b2023 mx a||||r|||| 001 0 spa d | ||
| 020 | _a9786078909278 | ||
| 040 |
_aBMFM _cBMFM |
||
| 050 |
_aN7914.A58 _bR85 |
||
| 100 | 1 |
_aRuiz Esparza Díaz De León, Blanca _eautor _930037 |
|
| 245 | 1 | 3 |
_aEl exvoto Peres Maldonado (1777), Aguascalientes, México: _bEstudio iconográfico / _cBlanca Ruiz Esparza Díaz de León, , Héctor Omar González Romo. |
| 300 |
_a300 p. _bIlustraciones a color _c16 cm |
||
| 504 | _aIncluye referencias bibliográficas (páginas 281-300) | ||
| 650 | 0 |
_aArte cristiano y simbolismo _ySiglo XVIII. _zMéxico _zAguascalientes _930038 |
|
| 650 | 0 |
_aArte cristiano y simbolismo _yPeriodo moderno, 1500- _zMéxico _94024 |
|
| 650 | 6 |
_aEx voto _930039 |
|
| 650 | 6 |
_aArquitectura interior y arte _930040 |
|
| 700 | 1 |
_aGonzález Romo, Héctor Omar, _eautor _930041 |
|
| 902 | _aKH | ||
| 942 |
_2lcc _cB |
||
| 999 |
_c11088 _d11088 |
||